000 00803nam a2200229Ia 4500
003 GCL
008 140319s9999 xx 000 0 ara d
020 _a8120367977
040 _aGCL /
_cGCL
082 0 4 _a811.082
_bو ى
100 1 _aوليد الاعظمى
245 1 0 _aيافتية القدس :
_bفلسطينيات الشاعر و الاديب العراقى /
_cوليد الاعظمى
700 1 _aعبدالله العقيل
250 _aالاولى
260 _aالقاهرة :
_bمركز الاعلام العربى ،
_c2006
300 _a79 ص ؛
_c20 سم
490 _aادب القدس
_v8
650 0 4 _aالشعر العربى - مجموعات
650 0 4 _aالشعر العربى - فلسطين
650 0 4 _aالشعر السياسى - فلسطين
942 _2ddc
_cBK
999 _c8860
_d8860